Water resources (Record no. 1758)
[ view plain ]
| 000 -LEADER | |
|---|---|
| fixed length control field | 01221nam a2200325 a 4500 |
| 082 04 - DEWEY DECIMAL CLASSIFICATION NUMBER | |
| Classification number | 333.91 |
| 245 00 - TITLE STATEMENT | |
| Title | Water resources |
| 260 ## - PUBLICATION, DISTRIBUTION, ETC. (IMPRINT) | |
| Place of publication | London : |
| Name of publisher | E & FN Spon, |
| Year of publication | 1999. |
| 300 ## - PHYSICAL DESCRIPTION | |
| Number of Pages | xvii,250p. : |
| Other physical details | ill., facsim., maps. |
| 650 #0 - SUBJECT ADDED ENTRY--TOPICAL TERM | |
| Topical Term | Water resources development. |
| Topical Term | Water quality management. |
| Topical Term | Water-supply |
| 700 1# - ADDED ENTRY--PERSONAL NAME | |
| Personal name | Kay, Brian H. |
| 856 40 - ELECTRONIC LOCATION AND ACCESS | |
| Uniform Resource Identifier | http://site.ebrary.com/lib/rucke/Doc?id=5002855 |
No items available.
